| 000 | 00646cam a22002174a 4500 | ||
|---|---|---|---|
| 005 | 20250605164309.0 | ||
| 008 | 250528s ||||||||||||||||||||||||d | ||
| 035 | _a22390 | ||
| 020 | _a9789600337839 | ||
| 040 |
_aGR-AtMCL _bgre _dGR-AtMCL _eAACR2 |
||
| 245 | 1 | _aΕΡΓΑΣΙΑ ΜΕ ΤΟΥΣ ΓΟΝΕΙΣ / ΨΥΧΑΝΑΛΥΤΙΚΗ ΨΥΧΟΘΕΡΑΠΕΙΑ ΜΕ ΠΑΙΔΙΑ ΚΑΙ ΕΦΗΒΟΥΣ | |
| 250 | _a1 | ||
| 260 |
_bΚαστανιώτη, _c2005 |
||
| 300 | _a279 | ||
| 700 | 1 |
_aBoëthius Siv Boalt _98238 |
|
| 700 | 1 |
_aHallerfors Birgit _95589 |
|
| 700 | 1 |
_aHorne Ann _95590 |
|
| 942 | _cBK | ||
| 999 |
_c7443 _d7443 |
||